=LDR 00000nam 2200000 4500 =001 $a INLIS000000000008405 =005 $a 20260605094949 =008 $a 260605################g##########0#ind## =022 ##$$a - =035 ##$$a 0010-0626000032 =082 ##$$a 305.609 509 =084 ##$$a 305.609 509 SAH u =100 #$$a Sahala Pandjaitan =245 ##$$a ulasan dan informasi tentang proyeksi penduduk dan program kependudukan keluarga berencana nasional di Indonesia 1980 - 2000 $b dengan metode komponen baru $c dr. Sahala Pandjaitan, SKM =247 ##$$a =260 ##$$a Jakarta $b BKKBN $c 1985 =300 ##$$a 64 hlm. $b ilus. $c 29 cm. $e =310 ##$$a =321 ##$$a =520 #$$a =650 #$$a Kependudukan =700 #$$a =856 ##$$a =Wor $a 2